000
00368nam a2200133Ia 4500
003
GCL
008
140319s9999 xx 000 0 ara d
040
_a
GCL /
_c
GCL
082
0
4
_a
330.962
_b
س ن
245
1
0
_a
نحو استراتيجية قومية للاصلاح الاقتصادى
260
_a
[S.N] :
_b
دار الشروق ،
_c
1991
300
_a
192 ص
490
_a
999
_c
32225
_d
32225